[Event "ROM-ch U18 Girls"]
[Site "Calimanesti Caciulata"]
[Date "2019.04.21"]
[Round "8"]
[White "Mos, Maria Magdalena"]
[Black "Secrieru, Maria Georgiana"]
[Result "0-1"]
[WhiteElo "1524"]
[BlackElo "1518"]
[PlyCount "78"]
[EventDate "2019.04.15"]
[EventType "swiss"]
[EventRounds "9"]
[EventCountry "ROU"]
[SourceTitle "CBM 190 Extra"]
[Source "ChessBase"]
[SourceDate "2019.07.15"]
[SourceVersion "1"]
[SourceVersionDate "2019.07.15"]
[SourceQuality "1"]

1. e4 e5 2. Nf3 Nc6 3. d4 Nxd4 4. Nxd4 exd4 5. Qxd4 Ne7 6. Bf4 Nc6 7. Qd2 h6 8. a3 a5 9. Bc4 Bc5 10. Bxf7+ Kxf7 11. Qd5+ Ke8 12. Qh5+ Kf8 13. Qxc5+ d6 14. Qe3 Qf6 15. Nc3 Be6 16. 0-0-0 Kf7 17. Nb5 Rac8 18. Bg3 Rhe8 19. f3 b6 20. Qc3 Qg5+ 21. f4 Qxb5 22. f5 Bd7 23. Rhe1 Ne5 24. Rd5 Qc6 25. Qb3 Kf8 26. Red1 Qa4 27. Bxe5 Rxe5 28. Rxe5 dxe5 29. Qd5 Bc6 30. Qxe5 Qxe4 31. Qc3 Re8 32. g4 Qe3+ 33. Qxe3 Rxe3 34. Rd8+ Kf7 35. Rc8 Re7 36. h4 Bf3 37. g5 hxg5 38. hxg5 Bg4 39. f6 Bxc8 0-1

[Event "ROM-ch U18 Girls"]
[Site "Calimanesti Caciulata"]
[Date "2019.04.15"]
[Round "1"]
[White "Balan, Briana Cleopatra"]
[Black "Secrieru, Maria Georgiana"]
[Result "1-0"]
[WhiteElo "1883"]
[BlackElo "1518"]
[PlyCount "37"]
[EventDate "2019.04.15"]
[EventType "swiss"]
[EventRounds "9"]
[EventCountry "ROU"]
[SourceTitle "CBM 190 Extra"]
[Source "ChessBase"]
[SourceDate "2019.07.15"]
[SourceVersion "1"]
[SourceVersionDate "2019.07.15"]
[SourceQuality "1"]

1. e4 e5 2. Nf3 Nc6 3. d4 exd4 4. Bc4 Be7 5. Nxd4 Nxd4 6. Qxd4 Bf6 7. Qd5 Qe7 8. 0-0 Qe6 9. Qd3 Qe5 10. Nd2 Ne7 11. Nf3 Qa5 12. Qb3 0-0 13. Bd2 Qh5 14. Rfe1 d6 15. e5 Bxe5 16. Nxe5 dxe5 17. Bb4 Re8 18. Rxe5 Qxe5 19. Bxf7+ 1-0

[Event "ROM-ch U16 Girls"]
[Site "Calimanesti Caciulata"]
[Date "2016.04.25"]
[Round "9"]
[White "Secrieru, Maria Georgiana"]
[Black "Bogdan, Andrada Ioana"]
[Result "0-1"]
[WhiteElo "1451"]
[BlackElo "1443"]
[PlyCount "28"]
[EventDate "2016.04.18"]
[EventType "swiss"]
[EventRounds "9"]
[EventCountry "ROU"]
[SourceTitle "EXT 2017"]
[Source "ChessBase"]
[SourceDate "2016.10.25"]
[SourceVersion "1"]
[SourceVersionDate "2016.10.25"]
[SourceQuality "1"]

1. e4 e5 2. Nf3 Nc6 3. Bc4 d6 4. d3 Bg4 5. c3 Nf6 6. h3 Bh5 7. Nbd2 Be7 8. Nf1 d5 9. exd5 Nxd5 10. Ng3 Bg6 11. d4 e4 12. Nd2 e3 13. Bxd5 exd2+ 14. Bxd2 Qxd5 0-1

[Event "ROM-ch U16 Girls"]
[Site "Calimanesti Caciulata"]
[Date "2016.04.24"]
[Round "8"]
[White "Surdu, Maria Valentina"]
[Black "Secrieru, Maria Georgiana"]
[Result "0-1"]
[WhiteElo "1236"]
[BlackElo "1451"]
[PlyCount "116"]
[EventDate "2016.04.18"]
[EventType "swiss"]
[EventRounds "9"]
[EventCountry "ROU"]
[SourceTitle "CBM 172 Extra"]
[Source "ChessBase"]
[SourceDate "2016.06.21"]
[SourceVersion "1"]
[SourceVersionDate "2016.06.21"]
[SourceQuality "1"]

1. e4 c6 2. d4 d5 3. exd5 cxd5 4. Nf3 Nc6 5. Bb5 Bd7 6. Nc3 e6 7. 0-0 Nf6 8. Bg5 Be7 9. Re1 0-0 10. Qd2 Rc8 11. Re2 a6 12. Bd3 Nb4 13. Ne5 Nxd3 14. Nxd3 Qb6 15. Qe3 Rfd8 16. Rb1 Rxc3 17. Qd2 Rxd3 18. cxd3 Qxd4 19. Be3 Qb4 20. Qc1 Rc8 21. Rc2 Rxc2 22. Qxc2 Qd6 23. Rc1 Bc6 24. Bd4 Nd7 25. Qc3 Bf6 26. Bxf6 Nxf6 27. Qa5 h6 28. b3 Qf4 29. Rc2 Qd4 30. Qc3 Qxc3 31. Rxc3 Kf8 32. Kf1 Ke7 33. Ke2 Kd6 34. Ke3 Ng4+ 35. Ke2 f5 36. f3 Nf6 37. Ke3 d4+ 38. Kxd4 e5+ 39. Ke3 Nd5+ 40. Kd2 Nxc3 41. Kxc3 Kd5 42. Kd2 Kd4 43. h3 e4 44. dxe4 fxe4 45. fxe4 Bxe4 46. Ke2 Kc3 47. Ke3 Bxg2 48. h4 Kb2 49. Kf4 Kxa2 50. Kf5 h5 51. Kg6 Bf3 52. Kxg7 Kxb3 53. Kf6 a5 54. Kf5 a4 55. Kf4 Bg4 56. Ke3 a3 57. Kd3 a2 58. Ke3 a1Q 0-1

[Event "ROM-ch U16 Girls"]
[Site "Calimanesti Caciulata"]
[Date "2016.04.21"]
[Round "5"]
[White "Secrieru, Maria Georgiana"]
[Black "Nistor, Valentina"]
[Result "0-1"]
[WhiteElo "1451"]
[BlackElo "1676"]
[PlyCount "148"]
[EventDate "2016.04.18"]
[EventType "swiss"]
[EventRounds "9"]
[EventCountry "ROU"]
[SourceTitle "CBM 172 Extra"]
[Source "ChessBase"]
[SourceDate "2016.06.21"]
[SourceVersion "1"]
[SourceVersionDate "2016.06.21"]
[SourceQuality "1"]

1. e4 e5 2. Nc3 Nf6 3. Nf3 Nc6 4. Bb5 d6 5. d4 exd4 6. Nxd4 Bd7 7. Nxc6 Bxc6 8. Bd3 Be7 9. Be3 0-0 10. 0-0 Qd7 11. Bd4 Ng4 12. Nd5 Ne5 13. Bxe5 dxe5 14. Nxe7+ Qxe7 15. Qe2 a6 16. Rfd1 Qg5 17. f3 Rad8 18. Bc4 Qe7 19. Kh1 h6 20. Rxd8 Rxd8 21. Rd1 Rd4 22. c3 Rd8 23. Rxd8+ Qxd8 24. Qd3 Qg5 25. Qd1 Kf8 26. Kg1 Qe3+ 27. Kf1 Ke8 28. Qe1 Qc5 29. Qe2 Qe7 30. Qf2 Qg5 31. Qe1 Qf4 32. h3 g5 33. Kg1 h5 34. Be2 Qe3+ 35. Kf1 Qf4 36. Kg1 Bd7 37. g3 Qe3+ 38. Kg2 g4 39. hxg4 hxg4 40. Qf2 Qd2 41. Bc4 gxf3+ 42. Kxf3 Qd6 43. Kg2 Qg6 44. Qf3 Bc6 45. Bd5 Bxd5 46. exd5 Qc2+ 47. Qf2 Qa4 48. Qe2 f6 49. Qh5+ Ke7 50. Qf5 Qd7 51. Qxd7+ Kxd7 52. g4 Kd6 53. c4 b5 54. Kf3 bxc4 55. Ke4 Kc5 56. Kf5 Kd4 57. Kxf6 e4 58. g5 e3 59. g6 e2 60. g7 e1Q 61. g8Q Qe5+ 62. Kg6 Qg3+ 63. Kf7 Qf3+ 64. Ke7 Qe4+ 65. Kf6 Qe5+ 66. Kg6 Qg3+ 67. Kf7 Qxg8+ 68. Kxg8 Kxd5 69. Kf7 c3 70. bxc3 Kc4 71. Ke6 Kxc3 72. Kd5 Kb2 73. Kc4 Kxa2 74. Kb4 Kb2 0-1

[Event "ROM-ch U16 Girls"]
[Site "Calimanesti Caciulata"]
[Date "2016.04.18"]
[Round "1"]
[White "Secrieru, Maria Georgiana"]
[Black "Ciocan, Maria Alexandra"]
[Result "0-1"]
[WhiteElo "1451"]
[BlackElo "1734"]
[PlyCount "56"]
[EventDate "2016.04.18"]
[EventType "swiss"]
[EventRounds "9"]
[EventCountry "ROU"]
[SourceTitle "CBM 172 Extra"]
[Source "ChessBase"]
[SourceDate "2016.06.21"]
[SourceVersion "1"]
[SourceVersionDate "2016.06.21"]
[SourceQuality "1"]

1. e4 c5 2. Nc3 e6 3. Nge2 d5 4. exd5 exd5 5. d4 Be6 6. dxc5 Bxc5 7. Nd4 Qe7 8. Be2 Nf6 9. 0-0 0-0 10. Bf3 Nc6 11. Be3 Rad8 12. Re1 Bb4 13. Qd3 Ne5 14. Qd2 Nc4 15. Qc1 Ne4 16. Bxe4 dxe4 17. a3 Bxc3 18. bxc3 h6 19. Bf4 Bd5 20. f3 Rfe8 21. fxe4 Bxe4 22. Re2 Qc5 23. Kh1 Qh5 24. Qf1 a6 25. a4 Rc8 26. Rb1 Rc5 27. Rbe1 f5 28. Qf2 Ra5 0-1

[Event "ROM-ch U14 Girls"]
[Site "Calimanesti"]
[Date "2015.04.04"]
[Round "7"]
[White "Rohlicek, Anca Elena"]
[Black "Secrieru, Maria Georgiana"]
[Result "1/2-1/2"]
[WhiteElo "1379"]
[BlackElo "1433"]
[PlyCount "95"]
[EventDate "2015.03.30"]
[EventType "swiss"]
[EventRounds "9"]
[EventCountry "ROU"]
[SourceTitle "CBM 165 Extra"]
[Source "ChessBase"]
[SourceDate "2015.04.21"]
[SourceVersion "1"]
[SourceVersionDate "2015.04.21"]
[SourceQuality "1"]

1. e4 e5 2. Nf3 Nc6 3. Bb5 d6 4. 0-0 f5 5. exf5 Bxf5 6. d3 Be7 7. Nc3 Nf6 8. Re1 0-0 9. Ba4 a6 10. Bb3+ Kh8 11. h3 Qd7 12. Kh2 Bg6 13. Ne4 Nxe4 14. dxe4 Bf7 15. Bd5 Be6 16. Rh1 Nd8 17. Kg1 c6 18. Bxe6 Nxe6 19. h4 Kg8 20. Ng5 Nxg5 21. hxg5 g6 22. Qd3 Rf7 23. Qg3 Raf8 24. Be3 Qe6 25. f3 d5 26. exd5 cxd5 27. Re1 Qf5 28. c3 Bd6 29. Qh3 Qxh3 30. Rxh3 Rd7 31. Rd1 Bc7 32. Rh4 a5 33. a3 b6 34. b4 Rb8 35. Kf2 Kf8 36. Rhh1 a4 37. Rd2 Rbd8 38. Rhd1 Ke7 39. g3 Ke6 40. f4 exf4 41. gxf4 b5 42. Kg3 Kf5 43. Kf3 Bb8 44. Rh1 Ba7 45. Bd4 Bxd4 46. Rxd4 Rc8 47. Rd3 Rc4 48. Rh4 1/2-1/2

[Event "ROM-ch U14 Girls"]
[Site "Calimanesti"]
[Date "2015.03.30"]
[Round "1"]
[White "Aciu, Malina Andreea"]
[Black "Secrieru, Maria Georgiana"]
[Result "1-0"]
[WhiteElo "1782"]
[BlackElo "1433"]
[PlyCount "75"]
[EventDate "2015.03.30"]
[EventType "swiss"]
[EventRounds "9"]
[EventCountry "ROU"]
[SourceTitle "CBM 165 Extra"]
[Source "ChessBase"]
[SourceDate "2015.04.21"]
[SourceVersion "1"]
[SourceVersionDate "2015.04.21"]
[SourceQuality "1"]

1. e4 e5 2. Nf3 Nc6 3. Bc4 Bc5 4. c3 Nf6 5. d4 exd4 6. cxd4 Bb4+ 7. Bd2 Bxd2+ 8. Nbxd2 d5 9. exd5 Nxd5 10. Qb3 Nce7 11. 0-0 0-0 12. Ne5 c6 13. Rac1 Qb6 14. Ndf3 Qxb3 15. Bxb3 f6 16. Nd3 Be6 17. Rfe1 Bf7 18. Nc5 b6 19. Ne4 Rfd8 20. g4 Rac8 21. g5 fxg5 22. Nexg5 h6 23. Nxf7 Kxf7 24. Ne5+ Kf6 25. Ng4+ Kf7 26. Ne5+ Kf6 27. Re4 Rc7 28. Rce1 h5 29. Nf3 Rd6 30. h4 g6 31. Ng5 Nf5 32. Re8 Nxh4 33. Ne4+ Kg7 34. Nxd6 Nf3+ 35. Kg2 Nxe1+ 36. Rxe1 Nf4+ 37. Kf3 g5 38. Ne8+ 1-0

[Event "ROM-ch U12 Girls"]
[Site "Calimanesti"]
[Date "2013.04.05"]
[Round "6"]
[White "Ercsei, Estera Alexandra"]
[Black "Secrieru, Maria Georgiana"]
[Result "1/2-1/2"]
[WhiteElo "1154"]
[BlackElo "1001"]
[PlyCount "81"]
[EventDate "2013.04.02"]
[EventType "swiss"]
[EventRounds "9"]
[EventCountry "ROU"]
[SourceTitle "CBM 153 Extra"]
[Source "ChessBase"]
[SourceDate "2013.04.22"]
[SourceVersion "1"]
[SourceVersionDate "2013.04.22"]
[SourceQuality "1"]

1. e4 e5 2. d4 exd4 3. c3 dxc3 4. Bc4 cxb2 5. Bxb2 Bb4+ 6. Nc3 Bxc3+ 7. Bxc3 Nf6 8. Ne2 0-0 9. 0-0 Nxe4 10. Bb2 Nc6 11. Bd3 Re8 12. Qc2 Nb4 13. Qa4 Nxd3 14. Bd4 Ndc5 15. Qc2 a6 16. f3 Nf6 17. Bxc5 d6 18. Bd4 h6 19. Rae1 c6 20. Qb2 d5 21. Ng3 Rxe1 22. Rxe1 b5 23. Rc1 Bb7 24. Ne2 Qe7 25. Bc5 Qd7 26. Nd4 Rc8 27. Re1 Re8 28. Rb1 Qc7 29. a4 Qe5 30. axb5 axb5 31. g3 g5 32. Kg2 g4 33. f4 Qe4+ 34. Kg1 Qe3+ 35. Kg2 Ne4 36. Nf5 Qf3+ 37. Kg1 f6 38. Re1 Bc8 39. Nh4 Qd3 40. Re3 Qd1+ 41. Kg2 1/2-1/2